| 000 | 00900nam a2200241 a 4500 | ||
|---|---|---|---|
| 001 | 000021443 | ||
| 005 | 20200930011329.0 | ||
| 008 | 100907s1969 sp r 000 0 spa d | ||
| 040 |
_aDO-SdBNP _bspa _cBNPHU |
||
| 082 |
_a946.02 _bL664c, 1969 |
||
| 100 | 1 |
_aLévi-Provençal, É., _d1894-1956. _944732 |
|
| 245 | 1 | 0 |
_aLa civilización Árabe en España / _cÉvariste Lévi-Provençal ; prólogo del traductor Isidro de las Cagigas. |
| 250 | _a3a ed. | ||
| 260 |
_aMadrid : _bEspasa-Calpe, _c1969. |
||
| 300 |
_a151 [9] p. ; _c18 cm. |
||
| 490 | 0 |
_aAustral _v1161 |
|
| 500 | _aIncluye índice de autores. | ||
| 500 | _atraducción del francés por Isidro de las Cagigas. | ||
| 504 | _aIncluye bibliografía crítica abreviada: p. [16]-19 | ||
| 650 | 4 |
_aEspaña _xHistoria _xDominacion árabe _y711-1492 _944733 |
|
| 700 | 1 |
_aCagigas, Isidro de las _epról. _944734 |
|
| 830 | 0 |
_aAustral ; _n1161 _944735 |
|
| 999 |
_c20943 _d20943 |
||